| 000 | 005970000a22001810004500 | ||
|---|---|---|---|
| 003 | MACL | ||
| 005 | 20160531145906.0 | ||
| 008 | 160531b xxu||||| |||| 00| 0 eng d | ||
| 040 |
_aMACL _cMACL |
||
| 041 | _aHindi | ||
| 082 | _a900 GOY | ||
| 100 |
_aगोयल, गीतिका _961024 |
||
| 245 |
_aइतिहास विश्व कोश _cगीतिका गोयल |
||
| 260 |
_bआकाश गंगा पब्लिकेशन्स _c2010 _aनई दिल्ली |
||
| 350 | _a300 | ||
| 650 |
_aइतिहास _961025 |
||
| 942 |
_cHIN _k900/GOY _2ddc |
||
| 999 |
_c45191 _d45191 |
||